01238nam a22002535a 450000500170000000800410001701000170005802000260007503500170010104000180011808200100013624500590014626000400020527000600024530000300030552002790033565000710061465000720068565000380075765000450079565000630084065000640090370000170096720080401071914.0080224s2007 ii 100 0deng  aB-268694-719 a9788126025473c220.00 aB-268694-719 adplbEnglish  a891.4 aGrowing up as a woman writer /cedited by Jasbir Jain. aNew Delhi :bSahitya Akademi,c2007 aRabindra Bhavan ,35 Ferozeshah RoadbNew Delhie110001 axxii, 528 p. c23 cm (Hb) aChiefly contributed papers on 20th century Indian women's writings; emanating from two conferences of women writers organized by Sahitya Akademi in 2001 at New Delhi and in 2005 at Hyderabad; includes fictional, poetic, and autobiographical writings of Indian women writers. aIndic literaturey20th centuryxHistory and criticismvCongresses. aIndic literaturexWomen authorsxHistory and criticismvCongresses. aWomen authors, IndicvCongresses. aWomen and literaturezIndiavCongresses. aIndic literaturey20th centuryvTranslations into English. aIndic literaturexWomen authorsvTranslations into English. aJain, Jasbir